000 00809cam a22002413a 4500
001 17137
003 PGUSA
005 20140828083350.0
008 051123s2005||||xxu|||||s|||||000 | eng d
040 _aPGUSA
_beng
042 _adc
050 4 _aTH
100 1 _aGodfrey, Edward,
_d1871-
245 1 0 _aSome Mooted Questions in Reinforced Concrete Design :
_bAmerican Society of Civil Engineers, Transactions, Paper No. 1169, Volume LXX, Dec. 1910
_h[electronic resource] /
_cEdward Godfrey
260 _bProject Gutenberg,
_c2005
506 _aPublic domain in the USA.
516 _aElectronic text
653 _aReinforced concrete
653 _aReinforced concrete -- Design and construction
830 0 _aProject Gutenberg
_v17137
856 4 0 _uhttp://www.gutenberg.org/ebooks/17137
942 _cEB
999 _c246392
_d246392